Statistics for Geometry Dash-General Knowledge

Click here to take the quiz!

General Stats

  • This quiz has been taken 677 times
    (652 since last reset)
  • The average score is 5 of 15

Answer Stats

Questions:Answer% Correct
Which player's Bloodbath video was the first Geometry Dash video to surpass 2.5 million views?Riot
84%
Which demon is accepted as the easiest demon on the server?The Nightmare
72%
Sonic Wave 98% was considered to be the worst fail in Geometry Dash history before Knobbelboy's infamous crash at 98% on Bloodlust. Who recorded this 98% Sonic Wave fail?Mefewe
60%
Which level was considered the first "impossible level"?Silent Club
57%
Who was the creator of ICE Carbon Diablo X?Roadbose
51%
Who used swing copter in his level for the first time? (Clue: Red World)saRy
49%
Who verified the 2.1 extreme demon "HyperSonic"?Combined
39%
Who was the creator of the original The Hell Zone? (Clue: The 1.2 version)Sohn0924
28%
Which level is the second-hardest rated Nine Circles level?Bausha Vortex
22%
Who verified the above level?GD Temporum
11%
Who was first to reach 1000 demons and beat all demons that existed in 1.9?pasiblitz
11%
In 2.0, a player claimed to have beat many extreme demons such as Sakupen Hell and Betrayal of Fate, but was later exposed by Cold for hacking. He admitted to hacking soon after this exposal. Who was this player?MaleVeronica
10%
Which well-known community member attempted to expose Sunix for hacking but was disproved after Sunix verified the legendary demon Sonic Wave?Aurorus
7%
Who is the owner of the Official Extreme & Insane Demons List?Cobalt
5%
What was the player above's 1000th demon?The Ultimate Phase
4%

Score Distribution

Percentile by Number Answered

Percent of People with Each Score

Your Score History

You have not taken this quiz since the last reset